| 000 | 01058nam a2200277 c 4500 | ||
|---|---|---|---|
| 999 |
_c201334 _d201334 |
||
| 003 | BLK | ||
| 005 | 20230413120016.0 | ||
| 008 | 180411b bul|||||r ||||||| ||bul|| | ||
| 010 | _aKNG00210769000 | ||
| 040 | _aBLK | ||
| 041 |
_aBUL _cBUL |
||
| 080 |
_aИсландска литература _b821.113.3 _x-34 _z821.113.3-34 |
||
| 139 |
_aСтароисландски саги и митове _bС 71 |
||
| 245 | 1 | 0 |
_aСтароисландски саги и митове _bСборник _cпрев. от староисл., състав. с предг. Михаил Минков. |
| 257 | _aICE | ||
| 260 |
_aСофия _bНар. култура _c1989 |
||
| 300 |
_a304 с. _c21 см |
||
| 380 | _aX | ||
| 490 |
_aБиблиотека Световна класика _9201621 |
||
| 700 | 1 |
_aМинков, Михаил _eПрев. от староисл., състав. с предг. _9372311 |
|
| 852 | _aЦб 159282 | ||
| 856 | 4 |
_qpdf _i0.00 _ldisable |
|
| 856 | 4 |
_qpdf _i0.00 _ldisable |
|
| 942 |
_cKNG _n0 _01 _s1 |
||
| 944 |
_aCR _c07.08.2017 _kВася_Ганчева |
||
| 944 |
_aED _c07.08.2017 _kВася_Ганчева |
||
| 999 | _d201334 | ||